[Event "African Online-ch U20-Open 2021"]
[Site "Online"]
[Date "2021.02.01"]
[Round "9.4"]
[White "Joao Farisse"]
[Black "Borges Delgado, Gabriel Jose"]
[Result "0-1"]
[WhiteElo "1574"]
[BlackElo "2228"]
[Annotator "TA"]
[PlyCount "140"]
[EventDate "2021.02.01"]
[EventType "swiss"]
[EventCountry "NET"]
[SourceTitle "playchess.com"]
[Source "ChessBase"]
[SourceQuality "1"]

{[%evp 15,139,0,0,0,27,21,36,16,36,20,43,32,29,37,97,98,97,51,53,50,51,41,64,64,74,72,76,68,91,49,73,70,70,82,82,42,42,42,47,11,84,44,44,26,17,19,96,90,105,-147,-147,-152,-152,-147,-149,-257,-253,-255,-235,-243,-222,-319,-23,-847,-841,-648,-597,-1170,-1172,-29989,-29990,-29990,-29991,-29994,-29992,-29995,-29990,-2184,-737,-719,-660,-596,-359,-599,-583,-914,-912,-5617,-542,-29993,-29988,-29974,-1008,-954,-951,-758,-637,-1944,-1200,-952,-660,-741,-700,-4929,-880,-753,-747,-800,-768,-745,-740,-774,-734,-29992,-964,-792,0,-29992,-29988,-29994,-29995,-29996,-29997,-29997,-29998,-29999]} 1. c4 Nf6 2. Nc3 c5 3. g3 Nc6 4. Bg2 g6 5. Nf3 Bg7 6. O-O O-O 7. d3 d6 8. Bd2 Rb8 9. Rb1 {A38: Symmetrical English vs ...g6: 4 Bg2 Bg7 5 Nf3 Nf6.} h6 10. a3 a5 11. Nb5 {[#] White is slightly better.} Bg4 $146 ({Predecessor:} 11... Be6 12. b4 axb4 13. axb4 b6 14. bxc5 bxc5 15. Bc3 {½-½ (15) Cyborowski,L (2526)-Rasik,V (2516) Czechia 2013}) 12. Re1 Re8 13. b4 axb4 14. axb4 Nd7 ({Better is} 14... cxb4 $14 15. Bxb4 Nxb4 16. Rxb4 Qa5) 15. bxc5 $16 Nxc5 16. Bc3 e5 17. Qc2 Qd7 18. Nd2 Nd4 19. Bxd4 exd4 20. Nf3 Bxf3 21. Bxf3 Ra8 22. Ra1 h5 23. Rxa8 Rxa8 24. Qd2 Na4 25. Ra1 Ra6 26. Qb4 Nc5 27. Qb2 Rb6 (27... Na4 $11 28. Qb4 Nc5) 28. Ra8+ Kh7 29. Qd2 Ra6 30. Ra7 h4 (30... Rxa7 $11 {keeps the balance.} 31. Nxa7 Na4) 31. Qg5 ({Much worse is} 31. gxh4 $6 Be5 $11) 31... h3 32. Bg4 $2 {[%mdl 8192] [#]} (32. Qg4 $1 $16 {keeps the pressure on.}) 32... Rxa7 $1 $17 {Black keeps a firm grip on the game.} 33. Nxa7 Qa4 $36 {[%cal Ra4d1][%mdl 2048] White is under strong pressure.} 34. Bxh3 {And now Nc8 would win.} Qxa7 35. Qh4+ (35. Bg4 $17 {was necessary.}) 35... Kg8 $19 36. Qd8+ Bf8 37. Bg4 Nb3 {White must now prevent ...Qa1+.} 38. h4 {[#]} (38. Kg2 $142) 38... Nd2 $2 (38... Qa1+ $1 $19 39. Kh2 Qe1) 39. Qg5 $2 {[%mdl 8192]} (39. h5 $11 Qa1+ 40. Kh2) 39... Qa1+ 40. Kh2 Qe1 41. Qf4 Bg7 42. Qxd6 Qxf2+ 43. Kh3 Nf1 {[%csl Gf1][%cal Rf2h2]} 44. Bf3 Qh2+ 45. Kg4 Ne3+ 46. Kf4 Bh6+ (46... Qh3 $142 47. Qd8+ Kh7) 47. Ke4 Nf5 48. Qd8+ Kh7 49. h5 $2 (49. Kd5 {is a better defense.}) 49... Nxg3+ 50. Kxd4 Qg1+ 51. Kd5 Nxh5 (51... Nf5 $142 {[%csl Gf5][%cal Rg1d4]} 52. Qf6 Bg7 53. hxg6+ fxg6 54. Qxg7+ Kxg7) 52. Qc7 Qg5+ 53. Kd6 Bf8+ (53... Qf4+ $142 54. Kd7 Qf5+ 55. Kd8 Bg5+ 56. Qe7 Qa5+ 57. Kc8 Bxe7 58. Bxh5 Qb6 59. c5 Bxc5 60. Kd7 Bd6 61. Bxg6+ Kxg6 62. Ke8 Qc7 63. e4 Qe7#) 54. Kd7 Qf5+ 55. Kd8 Ng7 {( -> ...Ne6+)} 56. Qh2+ Kg8 {...Ne6+ is the strong threat.} 57. Bd5 Bc5 58. Qc7 b6 59. e4 Qf6+ 60. Kc8 Ne8 61. Qd7 Nd6+ 62. Kc7 Qe5 63. Kc6 Kg7 {aiming for ...Qa1.} 64. Qg4 Qe7 (64... f5 $142 65. Be6 fxg4 66. Bd7 Bd4 67. Bf5 gxf5 68. Kd7 Kf6 69. Kc7 Qc5+ 70. Kd7 Be5 71. exf5 Qc8#) 65. Qd7 Qe5 66. Qg4 $1 Qe8+ {Black mates.} 67. Kc7 f5 68. Qxf5 gxf5 {[%csl Gd6][%cal Re8c8]} 69. Be6 Qxe6 {[%csl Gd6][%cal Re6c8]} 70. exf5 Qc8# {Weighted Error Value: White=0.73/Black=0.29} 0-1

[Event "African Online-ch U20-Open 2021"]
[Site "Online"]
[Date "2021.02.01"]
[Round "9.5"]
[White "Filipe, Marcio"]
[Black "Vasco Mateus Felizardo Viageir"]
[Result "0-1"]
[WhiteElo "1990"]
[BlackElo "1862"]
[Annotator "TA"]
[PlyCount "64"]
[EventDate "2021.02.01"]
[EventType "swiss"]
[EventCountry "NET"]
[SourceTitle "playchess.com"]
[Source "ChessBase"]
[SourceQuality "1"]

{[%evp 23,64,9,22,14,34,19,77,64,115,91,89,99,119,93,166,-175,-178,-193,-177,-149,-106,-92,-100,-111,-90,-108,-91,-97,-90,-199,-230,-209,-208,-520,-550,-538,-543,-513,-499,-29995,-29996,-29996,-29997]} 1. e4 c5 2. Nf3 d6 3. d4 cxd4 4. Nxd4 Nf6 5. Nc3 a6 6. Be3 Ng4 7. Bg5 h6 8. Bh4 g5 9. Bg3 Bg7 10. Qd2 Nc6 11. Nb3 Be6 12. f3 Nge5 13. h4 {B90: Sicilian Najdorf: Unusual White 6th moves, 6 Be3 Ng4 and 6 Be3 e5.} gxh4 14. Bxh4 Rc8 (14... Na5 $11) 15. O-O-O {[#] White is better.} Nc4 $146 (15... Nb4 $14) ({Predecessor:} 15... Na5 16. Qd4 Nac4 17. Bxc4 Rxc4 18. Qe3 Rc8 19. Be1 Nc4 20. Qf2 Qc7 21. Nd4 Qa5 22. Nb3 Qc7 23. Nd4 Qa5 {½-½ (23) Sprik,S (967)-Borst,J (1885) IECG email 1999}) 16. Bxc4 $16 Bxc4 17. Kb1 Bxb3 18. axb3 Nb4 (18... Qa5 $16 19. Nd5 Qxd2 20. Rxd2 h5) 19. Be1 $4 {[%mdl 8192] [#]} (19. Nd5 $18 {and life is good for White.} Nxd5 20. exd5) 19... Rxc3 $1 $19 {[%mdl 512]} 20. bxc3 {[#]} Qa5 21. Qf2 {[#]} Qa2+ $40 {[%mdl 128] Black has strong attack.} (21... h5 $142 $1 22. Rh4 {[#]} Bf6 $1) 22. Kc1 $17 Qa1+ 23. Kd2 Qxc3+ {[%mdl 64] Double Attack} 24. Ke2 Qxc2+ 25. Rd2 Qxb3 {Hoping for ...Qc4+.} 26. Qb6 (26. Kf1 $17 {is a better defense.}) 26... Qc4+ $19 27. Kf2 Nd3+ 28. Kg3 $2 (28. Rxd3 {is more resistant.} Qxd3 29. Qxb7 Qc2+ 30. Kg1) 28... Be5+ 29. Kh4 Nxe1 30. Rxe1 Qe6 {( -> ...Qf6+)} 31. Rd3 (31. Qxb7 $19 O-O 32. Rd5) 31... Qf6+ 32. Kh3 Qf4 {[%csl Ge5][%cal Rf4g3] Weighted Error Value: White=1.44/Black=0.13} 0-1

[Event "African Online-ch U20-Open 2021"]
[Site "Online"]
[Date "2021.02.01"]
[Round "9.6"]
[White "Elier, Ali"]
[Black "Fourie, Brandon"]
[Result "1-0"]
[WhiteElo "2037"]
[BlackElo "1583"]
[Annotator "TA"]
[PlyCount "89"]
[EventDate "2021.02.01"]
[EventType "swiss"]
[EventCountry "NET"]
[SourceTitle "playchess.com"]
[Source "ChessBase"]
[SourceQuality "1"]

{[%evp 23,89,0,0,0,0,-16,-17,-95,-28,-47,-49,-108,-111,-89,-66,-72,-73,-71,-55,-58,-25,-11,-21,-19,-9,-9,-9,-6,0,0,0,0,0,-17,-2,-14,-2,-7,0,0,0,-4,0,0,0,0,0,0,0,0,0,0,0,0,0,0,0,0,0,-14,0,0,25,25,26,75,4710,2689]} 1. e4 c5 2. d4 cxd4 3. c3 Nf6 4. e5 Nd5 5. Nf3 Nc6 6. Bc4 Nb6 7. Bb3 d5 8. exd6 Qxd6 9. O-O Be6 10. Bxe6 Qxe6 11. Nxd4 Nxd4 12. Qxd4 Rd8 13. Qb4 {B22: Sicilian: 2 c3.} Qc6 {[#]} 14. Qa5 $146 ({Predecessor:} 14. Qb3 e6 15. Nd2 Be7 16. Nf3 O-O 17. Bd2 Nc4 18. Bf4 Bf6 19. Rad1 h6 20. Qc2 e5 {0-1 (38) Diaz Villagran,R (2305)-Clarke,B (2429) chess.com INT 2020}) 14... e6 15. Na3 {[#]} (15. Qg5 $11 {remains equal.}) 15... Bc5 (15... Rd5 $1 $17 {[%cal Rd5a5]} 16. Qxa7 Bd6) 16. b4 Be7 17. b5 (17. c4 $15) 17... Qc7 $17 18. Be3 Nd5 19. Qxc7 Nxc7 20. b6 axb6 21. Bxb6 Bxa3 22. Bxc7 Rd7 23. Ba5 Rd5 24. Bb4 Bxb4 25. cxb4 $11 {[%mdl 4096] Endgame KRR-KRR} Kd7 26. Rfc1 Rc8 (26... b5 {is interesting.} 27. a4 bxa4 28. Rxa4 Rb8 29. Ra7+ Ke8) 27. Rxc8 Kxc8 {KR-KR} 28. g3 Rd2 29. Rc1+ Kd7 30. a3 Ra2 31. Rc3 h6 32. h4 Kd8 33. Kg2 Kd7 34. g4 Ra1 35. Kg3 Kd6 36. Kf4 Ra2 37. f3 Ra1 38. Ke4 Re1+ 39. Kd4 e5+ 40. Kd3 Rd1+ 41. Kc2 Rf1 42. a4 e4 43. fxe4 Rf4 44. Rc4 Rxg4 $2 {[%mdl 8192] [#]} (44... Kd7 $16) 45. e5+ $1 {[%mdl 64] Discovered Attack.  Weighted Error Value: White=0.10/Black=0.11} 1-0

[Event "African Online-ch U20-Open 2021"]
[Site "Online"]
[Date "2021.02.01"]
[Round "9.7"]
[White "Spink, Benjamin M"]
[Black "George Samir, David"]
[Result "0-1"]
[WhiteElo "2110"]
[BlackElo "1775"]
[Annotator "RC"]
[PlyCount "104"]
[EventDate "2021.02.01"]
[EventType "swiss"]
[EventCountry "NET"]
[SourceTitle "playchess.com"]
[Source "ChessBase"]
[SourceQuality "1"]
[TimeControl "1500+10"]

1. e4 {[%emt 0:00:00]} c5 {[%emt 0:00:06]} 2. Nf3 {[%emt 0:00:04]} d6 {[%emt 0:00:03]} 3. d4 {[%emt 0:00:03]} cxd4 {[%emt 0:00:03]} 4. Nxd4 {[%emt 0:00:02]} Nf6 {[%emt 0:00:04]} 5. Nc3 {[%emt 0:00:02]} Nc6 {[%emt 0:00:02]} 6. Bc4 {[%emt 0:00:09]} e6 {[%emt 0:00:02]} 7. Bb3 {[%emt 0:00:08]} Be7 {[%emt 0:00:04]} 8. O-O {[%emt 0:00:05]} O-O {[%emt 0:00:20]} 9. Be3 {[%emt 0:00:04]} a6 {[%emt 0:00:04]} 10. f4 {[%emt 0:00:04]} Qc7 {[%emt 0:01:10]} 11. f5 {[%emt 0:00:15]} e5 {[%emt 0:00:05]} 12. Nde2 {[%emt 0:00:09]} Ng4 {[%emt 0:00:25]} 13. Qd2 {[%emt 0:01:26]} Nxe3 {[%emt 0:00:38]} 14. Qxe3 {[%emt 0:00:03]} b5 {[%emt 0:00:18]} 15. Nd5 {[%emt 0:00:15]} Qa7 {[%emt 0:00:11]} 16. Qxa7 {[%emt 0:00:21]} Rxa7 {[%emt 0:00:03]} 17. Nxe7+ {[%emt 0:00:25]} Nxe7 {[%emt 0:00:08]} 18. Rad1 {[%emt 0:00:14]} Rd8 {[%emt 0:01:40]} 19. f6 {[%emt 0:00:57]} Ng6 {[%emt 0:00:07]} 20. fxg7 {[%emt 0:00:05]} Kxg7 {[%emt 0:00:03]} 21. Ng3 {[%emt 0:00:35]} Bg4 {[%emt 0:01:07]} 22. Nf5+ {[%emt 0:00:43]} Bxf5 {[%emt 0:00:14]} 23. Rxf5 {[%emt 0:00:11]} Rad7 {[%emt 0:00:25]} 24. g3 {[%emt 0:00:27]} Nf8 {[%emt 0:01:19]} 25. Rdf1 {[%emt 0:02:46]} Ne6 {[%emt 0:00:08]} 26. Rf6 {[%emt 0:00:47]} Re7 {[%emt 0:01:46]} 27. h4 {[%emt 0:00:11]} Rdd7 {[%emt 0:01:56]} 28. h5 {[%emt 0:01:01]} h6 {[%emt 0:00:16]} 29. c3 {[%emt 0:01:15]} Ng5 {[%emt 0:00:44]} 30. Bd5 {[%emt 0:00:16]} Nh3+ {[%emt 0:00:11]} 31. Kg2 {[%emt 0:00:13]} Nf4+ {[%emt 0:00:04]} 32. gxf4 {[%emt 0:01:37]} Kxf6 {[%emt 0:00:14]} 33. fxe5+ {[%emt 0:00:02]} Kg7 {[%emt 0:00:02]} 34. exd6 {[%emt 0:00:04]} Rxd6 {[%emt 0:00:04]} 35. Rf3 {[%emt 0:01:30]} Rf6 {[%emt 0:00:54]} 36. Rg3+ {[%emt 0:01:32]} Kf8 {[%emt 0:00:11]} 37. Rg4 {[%emt 0:00:38]} Re5 {[%emt 0:00:11]} 38. Rh4 {[%emt 0:00:31]} Rg5+ {[%emt 0:00:38]} 39. Kh1 {[%emt 0:00:04]} Rf1+ {[%emt 0:00:16]} 40. Kh2 {[%emt 0:00:04]} Ke7 {[%emt 0:00:48]} 41. b4 {[%emt 0:01:25]} Rf2+ {[%emt 0:00:11]} 42. Kh1 {[%emt 0:00:19]} Rg3 {[%emt 0:00:43]} 43. c4 {[%emt 0:01:00]} Rc3 {[%emt 0:00:05]} 44. Kg1 {[%emt 0:00:06]} Rxa2 {[%emt 0:00:16]} 45. Rf4 {[%emt 0:00:05]} Rc1+ {[%emt 0:00:03]} 46. Rf1 {[%emt 0:00:03]} Rxf1+ {[%emt 0:00:42]} 47. Kxf1 {[%emt 0:00:03]} Rb2 {[%emt 0:00:27]} 48. cxb5 {[%emt 0:00:49]} axb5 {[%emt 0:00:05]} 49. Bc6 {[%emt 0:00:25]} Rxb4 {[%emt 0:00:05]} 50. Ke2 {[%emt 0:00:05]} Rb3 {[%emt 0:00:10]} 51. Kd2 {[%emt 0:00:32]} b4 {[%emt 0:00:15]} 52. Kc2 {[%emt 0:00:11]} Rc3+ {[%emt 0:00:04]} 0-1

[Event "African Online-ch U20-Open 2021"]
[Site "Online"]
[Date "2021.02.01"]
[Round "9.8"]
[White "Lion, Pierre"]
[Black "Shah, Darshan Samir"]
[Result "1-0"]
[WhiteElo "1586"]
[BlackElo "1502"]
[Annotator "NA RC"]
[PlyCount "127"]
[EventDate "2021.02.01"]
[EventType "swiss"]
[EventCountry "NET"]
[SourceTitle "playchess.com"]
[Source "ChessBase"]
[SourceQuality "1"]
[TimeControl "1500+10"]

1. e4 {[%emt 0:00:00]} c5 {[%emt 0:00:13]} 2. Nf3 {[%emt 0:00:03]} d6 {[%emt 0:00:05]} 3. d4 {[%emt 0:00:03]} cxd4 {[%emt 0:00:07]} 4. Nxd4 {[%emt 0:00:02]} Nf6 {[%emt 0:00:07]} 5. Nc3 {[%emt 0:00:02]} e6 {[%emt 0:00:06]} 6. g4 {[%emt 0:00:04]} h6 {[%emt 0:00:10]} 7. Rg1 {[%emt 0:00:07]} Nc6 {[%emt 0:00:20]} 8. h4 {[%emt 0:00:06]} d5 {[%emt 0:00:08]} 9. Nxc6 {[%emt 0:00:48]} bxc6 {[%emt 0:00:11]} 10. g5 {[%emt 0:00:10]} hxg5 {[%emt 0:00:25]} 11. hxg5 {[%emt 0:00:02]} Nxe4 {[%emt 0:00:30]} 12. Nxe4 {[%emt 0:00:02]} dxe4 {[%emt 0:00:01]} 13. Qxd8+ {[%emt 0:00:02]} Kxd8 {[%emt 0:00:05]} 14. Bf4 {[%emt 0:00:11]} f6 {[%emt 0:00:12]} 15. O-O-O+ {[%emt 0:00:05]} Ke8 {[%emt 0:00:28]} 16. gxf6 {[%emt 0:01:43]} gxf6 {[%emt 0:00:08]} 17. Bc4 {[%emt 0:00:22]} e5 {[%emt 0:00:33]} 18. Be3 {[%emt 0:00:06]} f5 {[%emt 0:00:16]} 19. Bg5 {[%emt 0:00:07]} Be7 {[%emt 0:00:33]} 20. Bxe7 {[%emt 0:00:05]} Kxe7 {[%emt 0:00:08]} 21. Rg7+ {[%emt 0:00:02]} Ke8 {[%emt 0:00:44]} 22. Rd6 {[%emt 0:00:08]} Rh1+ {[%emt 0:01:55]} 23. Kd2 {[%emt 0:00:04]} Rh2 {[%emt 0:00:08]} 24. Ke3 {[%emt 0:00:27]} Rh3+ {[%emt 0:00:10]} 25. Ke2 {[%emt 0:00:03]} Rb8 {[%emt 0:00:27]} 26. b3 {[%emt 0:00:13]} Rb7 {[%emt 0:02:33]} 27. Rg8+ {[%emt 0:00:34]} Ke7 {[%emt 0:00:16]} 28. Rxc6 {[%emt 0:00:13]} Bd7 {[%emt 0:00:19]} 29. Rg7+ {[%emt 0:00:13]} Kd8 {[%emt 0:00:16]} 30. Rd6 {[%emt 0:00:06]} Rc3 {[%emt 0:01:56]} 31. Be6 {[%emt 0:00:10]} Rxc2+ {[%emt 0:00:04]} 32. Kd1 {[%emt 0:00:07]} Rcc7 {[%emt 0:00:08]} 33. Bxf5 {[%emt 0:00:10]} Ke8 {[%emt 0:00:11]} 34. Rgxd7 {[%emt 0:00:05]} Rxd7 {[%emt 0:00:07]} 35. Rxd7 {[%emt 0:00:02]} Rxd7+ {[%emt 0:00:02]} 36. Bxd7+ {[%emt 0:00:01]} Kxd7 {[%emt 0:00:07]} 37. Ke2 {[%emt 0:00:01]} Kc6 {[%emt 0:00:19]} 38. Ke3 {[%emt 0:00:02]} Kd5 {[%emt 0:00:07]} 39. a3 {[%emt 0:00:02]} a6 {[%emt 0:00:07]} 40. b4 {[%emt 0:00:02]} Kc4 {[%emt 0:00:24]} 41. Kxe4 {[%emt 0:00:02]} Kb3 {[%emt 0:00:06]} 42. Kxe5 {[%emt 0:00:19]} Kxa3 {[%emt 0:00:06]} 43. f4 {[%emt 0:00:01]} Kxb4 {[%emt 0:00:06]} 44. f5 {[%emt 0:00:04]} a5 {[%emt 0:00:11]} 45. f6 {[%emt 0:00:02]} a4 {[%emt 0:00:01]} 46. f7 {[%emt 0:00:01]} a3 {[%emt 0:00:21]} 47. f8=Q+ {[%emt 0:00:03]} Kb3 {[%emt 0:00:01]} 48. Qf3+ {[%emt 0:00:31]} Kb2 {[%emt 0:00:07]} 49. Qe2+ {[%emt 0:00:02]} Kb1 {[%emt 0:00:06]} 50. Qd3+ {[%emt 0:00:02]} Kb2 {[%emt 0:00:13]} 51. Qd2+ {[%emt 0:00:08]} Kb3 {[%emt 0:00:08]} 52. Kd4 {[%emt 0:00:09]} a2 {[%emt 0:00:11]} 53. Qc3+ {[%emt 0:00:03]} Ka4 {[%emt 0:00:03]} 54. Qa1 {[%emt 0:00:01]} Ka3 {[%emt 0:00:03]} 55. Kc3 {[%emt 0:00:02]} Ka4 {[%emt 0:00:03]} 56. Qxa2+ {[%emt 0:00:07]} Kb5 {[%emt 0:00:29]} 57. Qc4+ {[%emt 0:00:02]} Kb6 {[%emt 0:00:10]} 58. Qd5 {[%emt 0:00:03]} Kc7 {[%emt 0:00:04]} 59. Qe6 {[%emt 0:00:02]} Kd8 {[%emt 0:00:04]} 60. Qf7 {[%emt 0:00:02]} Kc8 {[%emt 0:00:03]} 61. Kd4 {[%emt 0:00:01]} Kd8 {[%emt 0:00:01]} 62. Kc5 {[%emt 0:00:01]} Kc8 {[%emt 0:00:01]} 63. Kc6 {[%emt 0:00:02]} Kb8 {[%emt 0:00:01]} 64. Qb7# {[%emt 0:00:01]} 1-0

[Event "African Online-ch U20-Open 2021"]
[Site "Online"]
[Date "2021.02.01"]
[Round "9.9"]
[White "Bidi, Abdeljalil"]
[Black "Mena, Martin"]
[Result "0-1"]
[WhiteElo "1750"]
[BlackElo "1776"]
[Annotator "NA RC"]
[PlyCount "60"]
[EventDate "2021.02.01"]
[EventType "swiss"]
[EventCountry "NET"]
[SourceTitle "playchess.com"]
[Source "ChessBase"]
[SourceQuality "1"]
[TimeControl "1500+10"]

1. e4 {[%emt 0:00:00]} c5 {[%emt 0:00:11]} 2. Nf3 {[%emt 0:00:03]} d6 {[%emt 0:00:03]} 3. d4 {[%emt 0:00:02]} cxd4 {[%emt 0:00:01]} 4. Nxd4 {[%emt 0:00:03]} Nf6 {[%emt 0:00:03]} 5. Nc3 {[%emt 0:00:02]} a6 {[%emt 0:00:02]} 6. Be2 {[%emt 0:00:01]} e6 {[%emt 0:00:07]} 7. O-O {[%emt 0:00:03]} Qc7 {[%emt 0:00:13]} 8. a4 {[%emt 0:00:02]} Be7 {[%emt 0:00:08]} 9. Be3 {[%emt 0:00:02]} O-O {[%emt 0:00:22]} 10. f4 {[%emt 0:00:02]} Nc6 {[%emt 0:00:03]} 11. Bf3 {[%emt 0:00:03]} Bd7 {[%emt 0:00:14]} 12. Nb3 {[%emt 0:00:02]} Rab8 {[%emt 0:00:27]} 13. a5 {[%emt 0:00:07]} Rfe8 {[%emt 0:04:10]} 14. Kh1 {[%emt 0:00:06]} Bc8 {[%emt 0:00:55]} 15. g4 {[%emt 0:00:12]} Nd7 {[%emt 0:00:21]} 16. Bg2 {[%emt 0:00:17]} g6 {[%emt 0:01:13]} 17. f5 {[%emt 0:00:07]} Nce5 {[%emt 0:04:22]} 18. fxe6 {[%emt 0:00:51]} fxe6 {[%emt 0:00:05]} 19. Nd4 {[%emt 0:00:24]} Bf8 {[%emt 0:00:43]} 20. h3 {[%emt 0:01:22]} b6 {[%emt 0:00:39]} 21. axb6 {[%emt 0:01:30]} Nxb6 {[%emt 0:00:06]} 22. b3 {[%emt 0:00:21]} Qxc3 {[%emt 0:00:16]} 23. Qe2 {[%emt 0:00:15]} Bg7 {[%emt 0:00:40]} 24. Rad1 {[%emt 0:00:20]} d5 {[%emt 0:00:26]} 25. Bf4 {[%emt 0:00:23]} dxe4 {[%emt 0:00:50]} 26. Bxe5 {[%emt 0:01:57]} Bxe5 {[%emt 0:00:50]} 27. Qxe4 {[%emt 0:00:02]} Bxd4 {[%emt 0:00:37]} 28. Rxd4 {[%emt 0:00:57]} Bb7 {[%emt 0:00:12]} 29. Qe5 {[%emt 0:01:25]} Qxh3+ {[%emt 0:00:10]} 30. Kg1 {[%emt 0:00:16]} Qxg2# {[%emt 0:00:04]} 0-1

[Event "African Online-ch U20-Open 2021"]
[Site "Online"]
[Date "2021.02.01"]
[Round "9.10"]
[White "Oosthuizen, Michal Jacobus"]
[Black "Celso Andre Manjate"]
[Result "0-1"]
[WhiteElo "1920"]
[BlackElo "1721"]
[Annotator "TA"]
[PlyCount "96"]
[EventDate "2021.02.01"]
[EventType "swiss"]
[EventCountry "NET"]
[SourceTitle "playchess.com"]
[Source "ChessBase"]
[SourceQuality "1"]

{[%evp 9,95,-10,22,-4,6,-18,25,24,16,15,45,37,48,15,52,56,105,66,105,37,76,77,69,76,75,67,76,54,56,-69,65,-154,-154,-182,-186,-270,-277,-343,-362,-357,-350,-467,-449,-739,-682,-731,-736,-725,-711,-639,-395,-385,-399,-683,-664,-1093,-1093,-1059,-1036,-1008,-658,-633,-636,-664,-608,-1337,-1223,-1863,-1869,-1968,-2012,-2076,-1979,-1690,-1956,-5420,-5322,-6034,-6215,-5053,-5049,-29991,-29992,-29993,-29994,-29995,-29996,-29999]} 1. c4 Nf6 2. g3 g6 3. Bg2 Bg7 4. Nc3 O-O 5. Rb1 d6 6. b4 {[%cal Bb2b4,Bb4b5][%mdl 32] A16: English Opening: 1...Nf6 with ...d5.} e5 7. d3 Nh5 8. e3 {White has an edge.} f5 9. Nge2 Nc6 10. b5 Ne7 11. Nd5 {[#]} g5 $146 ({Predecessor:} 11... a6 12. a4 axb5 13. axb5 g5 14. f4 gxf4 15. exf4 exf4 16. Nexf4 Nxf4 17. Nxf4 Ng6 {1-0 (41) Strugnell,C (2241)-Jones,I (1970) Swansea 2014}) 12. Nec3 g4 13. O-O Ng6 14. f4 (14. f3 $16) 14... exf4 15. exf4 c6 16. bxc6 bxc6 {[#]} 17. Bd2 $1 Bd7 18. Nb4 Rc8 19. Re1 ({White should try} 19. Ne2 $14) 19... Re8 ({Black should play} 19... Bd4+ $1 $15 20. Kh1 Bf2) 20. Qc2 $2 (20. Rxe8+ $14 Bxe8 21. Qe1) 20... a5 $17 {Black keeps a firm grip on the game.} 21. Rxe8+ Bxe8 22. Na6 (22. Nxc6 {was necessary.} Bxc6 23. Bxc6 Bd4+ 24. Kf1 Rxc6 25. Rb5) 22... Ra8 $19 23. Nc5 dxc5 24. Na4 Rb8 25. Re1 Bd4+ 26. Be3 (26. Kf1 $142) 26... Bxe3+ 27. Rxe3 Qd4 28. Qf2 Rb1+ 29. Bf1 Bf7 30. Nxc5 {Black must now prevent Re8+!} Qd6 ({Weaker is} 30... Qxc5 31. Re8+ Bxe8 32. Qxc5 $11) ({Not} 30... Rxf1+ 31. Kxf1 Qd6 32. Re1 $11) 31. d4 $2 (31. Nb3 a4 32. Nd4) 31... Bxc4 32. Re1 Rxe1 {[%mdl 64] [#] Overworked Piece} 33. Qxe1 Qxd4+ 34. Qf2 Qxf2+ 35. Kxf2 Bxa2 36. Bd3 Ne7 37. Nd7 a4 {[%cal Ba5a4,Ba4a3][%mdl 32]} 38. Ke3 a3 39. Nc5 Bd5 40. Bb1 a2 41. Bxa2 Bxa2 42. Kd4 Nf6 43. Ke5 Ne4 44. Nd7 c5 45. h4 gxh3 {Black mates.} 46. g4 h2 47. g5 h1=Q {[%cal Rh1a1]} 48. g6 Qa1# {Weighted Error Value: White=0.96/Black=0.35} 0-1